Les podiums du tournoi des 5 nations (1910-1931 et 1947-1999) - Statistiques

Statistiques générales
  • Ce quiz a été pris 27 fois
  • Le résultat moyen est 47 sur 68
Statistiques - réponses
Année 1ERE 2E 3E Pays % Correct
1911 Galles Irlande ? Angleterre
96%
1910 Angleterre Galles ? Ecosse
96%
1912 Angleterre & Irlande - ? Ecosse | Galles
93%
1920 Galles, Angleterre & ? - - Ecosse
78%
1921 Angleterre Galles & ? - France
78%
1913 Angleterre ? Ecosse Galles
78%
1914 Angleterre ? Irlande Galles
78%
1923 ? Ecosse Galles, France & Irlande Angleterre
70%
1924 ? Ecosse & Irlande - Angleterre
70%
1927 Ecosse & Irlande - ? Angleterre
70%
1922 Galles Angleterre ? Ecosse
70%
1925 ? Irlande & Angleterre - Ecosse
70%
1965 Galles Irlande & ? - France
70%
1967 , Angleterre, Irlande & Ecosse - France
70%
1989 ? Angleterre & Ecosse - France
70%
1926 Ecosse & Irlande ? Galles
70%
1973 France, Angleterre, Irlande, Ecosse & ? - - Galles
70%
1928 Angleterre ? Galles, Ecosse & France Irlande
70%
1974 ? Ecosse, Galles & France - Irlande
70%
1953 ? Galles Irlande Angleterre
67%
1959 France Irlande, Galles & ? - Angleterre
67%
1962 France Ecosse Galles et ? Angleterre
67%
1968 France Irlande ? Angleterre
67%
1969 Galles Irlande ? Angleterre
67%
1978 Galles France ? Angleterre
67%
1988 France & ? - Ecosse & ? Angleterre
67%
1990 Ecosse ? France Angleterre
67%
1992 ? France, Ecosse & Galles - Angleterre
67%
1993 France Ecosse ? Angleterre
67%
1998 France ? Galles Angleterre
67%
1950 Galles ? Irlande et France Ecosse
67%
1961 ? Galles & ? - Ecosse
67%
1964 Galles & ? France & Angleterre - Ecosse
67%
1966 Galles France & ? - Ecosse
67%
1984 ? France Galles Ecosse
67%
1987 France Irlande & ? - Ecosse
67%
1991 Angleterre France ? Ecosse
67%
1995 Angleterre ? France Ecosse
67%
1930 Angleterre Galles, Irlande & ? - France
67%
1948 Irlande Ecosse & ? - France
67%
1949 Irlande Angleterre, Ecosse & ? - France
67%
1954 Galles, Angleterre & ? - - France
67%
1955 Galles & ? - Ecosse France
67%
1960 Angleterre & ? - Galles France
67%
1963 Angleterre Ecosse & ? - France
67%
1971 Galles ? Irlande & Angleterre France
67%
1976 Galles ? Ecosse France
67%
1981 ? Angleterre, Ecosse & Galles - France
67%
1985 Irlande ? Galles France
67%
1994 Galles Angleterre ? France
67%
1996 Angleterre Ecosse ? France
67%
1931 ? Ecosse, Irlande & France - Galles
67%
1951 Irlande France ? Galles
67%
1958 Angleterre ? France Galles
67%
1975 ? Galles, Ecosse & France - Galles
67%
1977 France ? Angleterre Galles
67%
1979 ? France Irlande Galles
67%
1980 Angleterre Irlande & ? - Galles
67%
1983 France & Irlande - ? Galles
67%
1986 France & Ecosse - ? Galles
67%
1997 France Angleterre ? Galles
67%
1929 Ecosse Galles & ? - Irlande
67%
1947 Angleterre & Pays de Galles - France & ? Irlande
67%
1952 Galles Angleterre ? Irlande
67%
1956 Galles Angleterre, France & ? - Irlande
67%
1957 Angleterre Galles, Ecosse & ? - Irlande
67%
1970 Galles & France - ? Irlande
67%
1982 ? Angleterre et Ecosse ? Irlande
67%
Aucun quiz correspondant
Distribution des résultats
% des personnes avec chaque résultat
Percentile par nombre de réponses
Votre historique - résultats
Vous n’avez pas pris ce quiz